| 000 | 01048nam a2200265 i 4500 | ||
|---|---|---|---|
| 001 | 181057 | ||
| 003 | ES-MaACL | ||
| 005 | 20231007174732.0 | ||
| 008 | 121015s2011 sp a | |||||||| | spa d | ||
| 020 | _a978-84-615-0912-6 | ||
| 080 | _a338.45.02(61) | ||
| 245 | 0 | 0 |
_aPolíticas industriales en el Magreb / _cOlivia Orozco (ed.) ; Rafik Bouklia-Hassane, Larabi Jaidi, Azzam Mahjoub, Fatiha Talahite ; [traducciones, Cristina Ridruejo]. |
| 250 | _a1ª ed. | ||
| 260 |
_aMadrid : _bCasa Árabe e Instituto Internacional de Estudios Árabes y del Mundo Musulmán, _c2011. |
||
| 300 |
_a215 p. : _bgráf. ; _c25 cm. |
||
| 490 | 1 | _aBiblioteca de Casa Árabe | |
| 504 | _aIncluye referencias bibliográficas. | ||
| 651 | 4 |
_aMagreb- _xPolítica industrial. _9151596 |
|
| 700 | 1 |
_aOrozco de la Torre, Olivia. _9151597 |
|
| 700 | 1 |
_aBouklia-Hassane, Rafik. _9151598 |
|
| 830 | 0 |
_aBiblioteca de Casa Árabe _9191400 |
|
| 852 |
_aES-MaACL _jA-12271 _9187940 _bR.148280 _cDEPO1 _dOlim: N-5276 |
||
| 942 |
_2udc _cMONOGRAFIA |
||
| 999 |
_c181057 _d181057 |
||